La Universidad /
Tallennettuna:
| Aineistotyyppi: | Kirja |
|---|---|
| Kieli: | Spanish |
| Julkaistu: |
El Salvador :
Universidad de El Salvador. Biblioteca Central Universitaria
|
| Aiheet: | |
| Tagit: |
Lisää tagi
Ei tageja, Lisää ensimmäinen tagi!
|
MARC
| LEADER | 00000nam a22000007a 4500 | ||
|---|---|---|---|
| 003 | cru IIS | ||
| 005 | 20220112120143.0 | ||
| 007 | ta | ||
| 008 | 220112n es b||p|r||||||0| spa d | ||
| 040 | |c cru IIS | ||
| 090 | |a REV0996 | ||
| 245 | 1 | 3 | |a La Universidad / |c Universidad de El Salvador. Biblioteca Central Universitaria |
| 260 | |a El Salvador : |b Universidad de El Salvador. Biblioteca Central Universitaria | ||
| 270 | |b Ciudad Universitaria | ||
| 500 | |a EXISTENCIAS : 1963 88 (3-4) 1964 89 (1-2) 1965 90 (3-5) 1967 92 (4) 1968 (3-4, 6) 1969 (2, 5-6) 1970 95 (1, 3-6) 1971 96 (4-6) 1975 (2-5) 1985 110 (1) 1986 (2, esp.) 1987 112 (5) 1988 118 (6) 1989 114 (7-9) 1990 115 (1) | ||
| 500 | |a PERIODICIDAD :bimestral | ||
| 500 | |a Colección Centroamérica | ||
| 650 | 0 | |9 126 |a CULTURA | |
| 650 | 0 | |9 75 |a CIENCIAS SOCIALES | |
| 650 | 0 | |9 2081 |a SOCIOLOGIA | |
| 650 | 0 | |9 136 |a HISTORIA | |
| 651 | 4 | |9 1928 |a EL SALVADOR | |
| 651 | 0 | |9 308 |a CENTROAMERICA | |
| 942 | |2 ddc |c PP | ||
| 999 | |c 44031 |d 44031 | ||
